| 000 | 00716nam a22001817a 4500 | ||
|---|---|---|---|
| 999 |
_c173668 _d173668 |
||
| 005 | 20200304152557.0 | ||
| 010 | _aUR-10722 | ||
| 020 |
_c200.00 _a9789383239887 |
||
| 035 | _aU-9277 | ||
| 037 |
_bDBAD/PUB _a- |
||
| 100 | _aمر تب و نا صر:غضنفر ا قبا ل | ||
| 245 |
_a کلا م تجھ لب کا _cمر تب و نا صر:غضنفر ا قبا ل _bد کن کے منتخب شعر ا ء کی غز لو ں کا ا نتخا ب |
||
| 246 |
_bKalam Tujh Lab Ka (Urdu) _aCompiled And Published by Ghazanfar Iqbal |
||
| 260 |
_aN.Delhi _bApplied Books _c2019 ء |
||
| 270 |
_aDarya Ganj, _bN.Delhi _e110002 _k- _l- |
||
| 300 |
_a136 ص _c22 Cm(Hb) |
||
| 942 |
_2ddc _cUR _h841 _mک ل ا |
||